| 000 | 01058nam a2200361 a 4500 | ||
|---|---|---|---|
| 003 | AR-BaBNM | ||
| 005 | 20251128205555.0 | ||
| 008 | 082120s2002 ||||||||||||||000 | spa|| | ||
| 020 | _a84-7738-379-0 | ||
| 040 | _cAR-BaBNM | ||
| 100 | 1 | _aFernández Martínez, Víctor M. | |
| 245 | 0 | 0 | _aArqueología prehistórica de Africa |
| 260 |
_aMadrid _bSíntesis _c1993 |
||
| 300 |
_a271 p. _bmapas, il., láms. |
||
| 490 | 0 |
_aHistoria Universal: Prehistoria _vv. 9 |
|
| 504 | _aBibliografía para consultar p. 263-271 | ||
| 650 | 4 | _aPREHISTORIA | |
| 650 | 4 | _aHISTORIA | |
| 650 | 4 | _aHOMBRE PREHISTORICO | |
| 650 | 4 | _aEXCAVACIONES ARQUEOLOGICAS | |
| 650 | 4 | _aINTERPRETACION ARQUEOLOGICA | |
| 650 | 4 | _aTRABAJO ARQUEOLOGICO SOBRE EL TERRENO | |
| 650 | 4 | _aGEOLOGIA HISTORICA | |
| 650 | 4 | _aEDAD DE PIEDRA | |
| 650 | 4 | _aARTE PREHISTORICO | |
| 650 | 4 | _aEDAD DE HIERRO | |
| 651 | 4 | _aEuropa | |
| 651 | 4 | _aAfrica | |
| 800 | 1 |
_aPlácido, Domingo _edirector |
|
| 800 | 1 |
_aFernández-Miranda, Manuel _ecoordinador |
|
| 942 | _cBK | ||
| 998 | _cMariana | ||
| 999 |
_c11959 _d11959 |
||